MARC

LEADER 00000nam0a2200000 4500
001 334989
005 20231102004717.0
035 |a (RuTPU)RU\TPU\book\361309 
090 |a 334989 
100 |a 20170911d1968 k y0rusy50 ca 
101 0 |a rus 
102 |a KZ 
105 |a a z 001zy 
200 1 |a Изучение равновесия в системе Ga-Ga⁺-Ga³⁺ в хлоридных растворах  |e [отдельный оттиск]  |f Л. Ф. Козин, А. Г. Егорова  |g Академия наук Казахской ССР (АН КазССР) 
210 |a Алма-Ата  |c Наука  |d 1968 
215 |a 8 с.  |c ил. 
225 1 |a Известия Академии наук Казахской ССР 
225 1 |a Серия химическая  |v № 3 
320 |a Библиогр. в конце ст. 
606 1 |a Галлий  |x Химия  |2 stltpush  |3 (RuTPU)RU\TPU\subj\75181  |9 87052 
610 1 |a равновесие 
610 1 |a хлоридные растворы 
610 1 |a малоустойчивые соединения 
610 1 |a эксперименты 
610 1 |a методика 
610 1 |a оттиски 
610 1 |a библиотека А. Г. Стромберга 
675 |a 546.681  |v 4 
700 1 |a Козин  |b Л. Ф. 
701 1 |a Егорова  |b А. Г. 
712 0 2 |a Академия наук Казахской ССР (АН КазССР)  |c (Алма-Ата)  |2 stltpush  |3 (RuTPU)RU\TPU\col\4941 
801 1 |a RU  |b 63413507  |c 20170911 
801 2 |a RU  |b 63413507  |c 20171218  |g RCR 
942 |c BK